Famous American Generals - Statistics

General Stats
  • This quiz has been taken 658 times
  • The average score is 13 of 20
Answer Stats
Hint Answer % Correct
Civil War victor Ulysses S. Grant
96%
Supreme Commander of the Allied Forces in Europe during WWII Dwight Eisenhower
93%
Famous for crossing the Delaware on Christmas Night 1776 George Washington
91%
Famous for stating "I Shall Return," when departing the Philippines Douglas MacArthur
90%
Surrendered at Appomattox Court House Robert E. Lee
90%
Known as "Old Blood and Guts" George Patton
85%
Died at Little Big Horn as a Lieutenant Colonel (brevet Major General in Civil War) George Custer
81%
Known as "Old Hickory" and "The Hero of New Orleans" Andrew Jackson
78%
Admired and despised for his Civil War march to the sea William Tecumseh Sherman
76%
Traitor who planned to surrender West Point to the British Benedict Arnold
75%
First African American Chairman of the Joint Chiefs of Staff Colin Powell
58%
Known for his enormous side burns during the Civil War Ambrose Burnside
56%
Nickname of general depicted on Stone Mountain Memorial along with Robert E. Lee and Jefferson Davis Stonewall Jackson
54%
Led the American Expeditionary Forces in World War I John J. Pershing
53%
Commander of the 1st Gulf War Norman Schwarzkopf
48%
Last person to hold 5-star rank in the United States Armed Forces Omar Bradley
39%
Failed in his Presidential bid vs. Abraham Lincoln in 1864 George McClellan
33%
Commanded The U.S. Army of Occupation during the Mexican-American War Zachary Taylor
30%
Commander of the Iraq surge in 2007 David Petraeus
22%
Assumed command of all United Nations forces in Korea after MacArthur was relieved of command there Matthew Ridgway
8%
No matching quizzes found
Score Distribution
Percent of People with Each Score
Percentile by Number Answered
Your Score History
You have not taken this quiz